000 00501cam a2200193ua 4500
001 2996
008 110921n ii |||gr||||Z||||||asm
020 _a81-7339-146-7
040 _cMAIN
082 _a920
100 1 _aSharma, Jiten,
_eAuthor.
245 1 1 _aSongramei jar jeevan Che Guevara
_cby Jiten Sharma
250 _a1st.
260 _aGuahati:
_bBanalata,996.
300 _a187p:
_bill;
_c23cm.
653 _aBiography
653 _aBiography of Songramei jar jeevan Che Guevara
942 _cBK
999 _c2844
_d2844